D & D Standard Oil & Gas Abbreviator / (Record no. 11531)
[ view plain ]
| 000 -LEADER | |
|---|---|
| fixed length control field | 01053nam a22002057a 4500 |
| 008 - FIXED-LENGTH DATA ELEMENTS--GENERAL INFORMATION | |
| fixed length control field | 090517t xxu||||| |||| 00| 0 eng d |
| 020 ## - INTERNATIONAL STANDARD BOOK NUMBER | |
| International Standard Book Number | 159370108X (pbk.) |
| 082 ## - DEWEY DECIMAL CLASSIFICATION NUMBER | |
| Edition number | 22 |
| Classification number | 338.272820148 |
| Item number | OIL |
| 245 ## - TITLE STATEMENT | |
| Title | D & D Standard Oil & Gas Abbreviator / |
| Statement of responsibility, etc | compiled by the Association of Desk and Derrick Clubs. |
| 250 ## - EDITION STATEMENT | |
| Edition statement | 6th ed. |
| 260 ## - PUBLICATION, DISTRIBUTION, ETC. (IMPRINT) | |
| Place of publication, distribution, etc | Tulsa, Okla. : |
| Name of publisher, distributor, etc | PennWell, |
| Date of publication, distribution, etc | c2006. |
| 300 ## - PHYSICAL DESCRIPTION | |
| Extent | xviii, 384 p. ; |
| Dimensions | 21 cm.+ |
| Accompanying material | 1 CD-ROM (3 1/4 in.) |
| 500 ## - GENERAL NOTE | |
| General note | Rev. ed. of: D & D standard oil abbreviator. 5th ed. c2001. |
| 650 ## - SUBJECT ADDED ENTRY--TOPICAL TERM | |
| 9 (RLIN) | 4740 |
| Topical term or geographic name as entry element | Petroleum industry and trade |
| General subdivision | --Abbreviations. |
| 650 ## - SUBJECT ADDED ENTRY--TOPICAL TERM | |
| 9 (RLIN) | 4741 |
| Topical term or geographic name as entry element | Gas industry |
| General subdivision | --Abbreviations. |
| 710 ## - ADDED ENTRY--CORPORATE NAME | |
| 9 (RLIN) | 4742 |
| Corporate name or jurisdiction name as entry element | Association of Desk and Derrick Clubs (U.S.) |
| 942 ## - ADDED ENTRY ELEMENTS (KOHA) | |
| Source of classification or shelving scheme | Dewey Decimal Classification |
| Item type | Book - Borrowing |
| Withdrawn status | Item status | Source of classification or shelving scheme | Damaged status | Not for loan | Vendor | Home library | Current library | Shelving location | Date acquired | Source of acquisition | Cost, normal purchase price | Serial Enumeration / chronology | Total Checkouts | Full call number | Barcode | Date last seen | Koha item type |
|---|---|---|---|---|---|---|---|---|---|---|---|---|---|---|---|---|---|
| Dewey Decimal Classification | Baccah | Central Library | Central Library | First floor | 17/05/2009 | 288.00 | 7117 | 338.272820148 OIL | 000016201 | 15/07/2025 | Book - Borrowing | ||||||
| Dewey Decimal Classification | Central Library | Central Library | First floor | 19/10/2010 | 338.272820148 OIL | 000022421 | 24/08/2022 | CD | DVD - With book |